| 000 | 00761nam a22002177a 4500 | ||
|---|---|---|---|
| 005 | 20251108171019.0 | ||
| 008 | 250721s1996 xx 000 0 ara d | ||
| 082 | 1 | 4 | _a337.1/فتح |
| 100 | 1 | _aولعلو، فتح الله | |
| 245 | 1 | 0 | _aتحديات عولمة الإقتصاد و التكنولوجيا في الدول العربية / |
| 264 | 1 |
_aعمان : _bمنتدى الفكر العربي، _c1996. |
|
| 300 | _a97ص | ||
| 490 | 0 | _aسلسلة دراسات عربية | |
| 650 | 1 | 7 | _aالإقتصاد الدولي |
| 650 | 1 | 7 | _aالعولمة |
| 650 | 1 | 7 | _aالعلاقات الإقتصادية الدولية |
| 650 | 1 | 7 | _aالنظام العالمي الجديد |
| 650 | 1 | 7 | _aالتكنولوجيا |
| 942 |
_2ddc _cBK |
||
| 999 |
_c54382 _d54382 |
||